I, robot
| Main Author: | |
|---|---|
| Format: | Book |
| Published: |
London :
Voyager ,
1996
|
| Subjects: |
MARC
| LEADER | 00000cam a2200000 7i4500 | ||
|---|---|---|---|
| 001 | 0000009903 | ||
| 005 | 20071005.0 | ||
| 008 | 071005 | ||
| 020 | |a 0586025324 | ||
| 090 | 0 | 0 | |a ASI |b ENG |
| 100 | 1 | |a Asimov, Isaac | |
| 245 | 1 | 0 | |a I, robot |c Isaac Asimov |
| 260 | |a London : |b Voyager , |c 1996 | ||
| 650 | 0 | |a English fiction | |
| 999 | |a 0000993820 |b Book |c Adult Collection |e Perbadanan Perpustakaan Awam Johor | ||
| 999 | |a 0000993821 |b Book |c Adult Collection |e Perbadanan Perpustakaan Awam Johor | ||